Litigating human rights in African institutions : law, procedures and practice

Na minha lista:
Detalhes bibliográficos
Autor principal: Mashamba, Clement J.
Formato: Livro
Publicado em: Nairobi: Law Africa Publishing (K) LTD; c2019.
Assuntos:
Tags: Adicionar Tag
Sem tags, seja o primeiro a adicionar uma tag!

MARC

LEADER 00000nam a22000007a 4500
005 20260414141455.0
020 |a 9789966530509  |c TZS 45,000/= 
040 |a MCCL  |b eng.  |e AACR 2nd rev ed. 
082 |a 341 48 MAS 
100 |a Mashamba, Clement J. 
245 |a Litigating human rights in African institutions :   |b law, procedures and practice   |c Clement J. Mashamba 
260 |a Nairobi:  |b Law Africa Publishing (K) LTD;  |c c2019. 
300 |a xxii, 483 pages ;   |c 21 cm. 
504 |a Includes bibliographical references   |b (pages [461]-483). 
650 |a Litigating human rights in African institutions : law, procedures and practice  
942 |c BK 
999 |c 12607  |d 12607